Color textbook of histology / (Record no. 467)

MARC details
000 -LEADER
fixed length control field 00972cam a22002894a 4500
001 - CONTROL NUMBER
control field 12135173
003 - CONTROL NUMBER IDENTIFIER
control field OSt
005 - DATE AND TIME OF LATEST TRANSACTION
control field 20140918161728.0
008 - FIXED-LENGTH DATA ELEMENTS--GENERAL INFORMATION
fixed length control field 000808s2001 paua 001 0 eng
010 ## - LIBRARY OF CONGRESS CONTROL NUMBER
LC control number 00063573
020 ## - INTERNATIONAL STANDARD BOOK NUMBER
International Standard Book Number 0721688063
040 ## - CATALOGING SOURCE
Original cataloging agency DLC
Transcribing agency DLC
Modifying agency DLC
042 ## - AUTHENTICATION CODE
Authentication code pcc
050 00 - LIBRARY OF CONGRESS CALL NUMBER
Classification number QM557
Item number .G39 2001
082 00 - DEWEY DECIMAL CLASSIFICATION NUMBER
Classification number QS 504 G16c 2001
Edition number 21
100 1# - MAIN ENTRY--PERSONAL NAME
Personal name Gartner, Leslie P.,
Dates associated with a name 1943-
9 (RLIN) 1243
245 10 - TITLE STATEMENT
Title Color textbook of histology /
Statement of responsibility, etc. Leslie P. Gartner, James L. Hiatt.
250 ## - EDITION STATEMENT
Edition statement 2nd ed.
260 ## - PUBLICATION, DISTRIBUTION, ETC. (IMPRINT)
Place of publication, distribution, etc. Philadelphia :
Name of publisher, distributor, etc. W.B. Saunders,
Date of publication, distribution, etc. c2001.
300 ## - PHYSICAL DESCRIPTION
Extent 577 p. :
Other physical details ill. (some col.) ;
Dimensions 26 cm.
500 ## - GENERAL NOTE
General note Includes index.
650 #0 - SUBJECT ADDED ENTRY--TOPICAL TERM
Topical term or geographic name as entry element Histology
Form subdivision Atlases.
9 (RLIN) 223
700 1# - ADDED ENTRY--PERSONAL NAME
Personal name Hiatt, James L.,
Dates associated with a name 1934-
9 (RLIN) 1244
906 ## - LOCAL DATA ELEMENT F, LDF (RLIN)
a 7
b cbc
c orignew
d 1
e ocip
f 20
g y-gencatlg
942 ## - ADDED ENTRY ELEMENTS (KOHA)
Source of classification or shelving scheme Other/Generic Classification Scheme
Koha item type Short Loan
Holdings
Withdrawn status Lost status Source of classification or shelving scheme Damaged status Not for loan Home library Current library Date acquired Source of acquisition Inventory number Total Checkouts Full call number Barcode Date last seen Price effective from Koha item type
    Other/Generic Classification Scheme     MUST Main Library MUST Main Library 18/09/2014 Book Aid 2014/21931   QS 504 G16c 2001 2014-2861 18/09/2014 18/09/2014 Short Loan